Mejores Bandas del Rock Español - Estadísticas

Estadísticas generales
  • Esta prueba ha sido intentada 346 veces
    342 desde el último reinicio
  • La puntuación promedio es 7 de 28
Estadísticas de respuestas
Origen Banda % Correcto
Extremadura Extremoduro
87%
Aragón Héroes del Silencio
50%
Navarra Marea
45%
País Vasco Platero y Tú
38%
Madrid Leño
37%
Madrid/P.Vasco Mago de Oz
37%
Galicia Los Suaves
36%
Navarra Barricada
34%
Cataluña Loquillo y Los Trogloditas
34%
Galicia Siniestro Total
29%
Madrid Barón Rojo
28%
Andalucía Medina Azahara
28%
Cantabria La Fuga
24%
Madrid Obús
24%
Andalucía Triana
22%
País Vasco Kortatu
20%
Andalucía Reincidentes
20%
País Vasco Eskorbuto
19%
Madrid Porretas
17%
Cataluña El Último de la Fila
16%
Aragón Radio Futura
14%
Asturias Ilegales
13%
Madrid Burning
10%
Madrid Tequila
8%
Madrid Gabinete Caligari
5%
Galicia Los Piratas
3%
Andalucía 091
2%
Andalucía Pata Negra
2%
No se encontraron pruebas coincidentes
Distribución de puntuación
Porcentaje de gente con cada puntuación
Porcentaje por número respondido
Historial de tus puntuaciones
No has intentado esta prueba desde el último reinicio